| 000 | 00523nam a2200193Ia 4500 | ||
|---|---|---|---|
| 003 | OSt | ||
| 005 | 20241204154722.0 | ||
| 008 | 210716s1989 xx 000 0 und d | ||
| 020 | _a0446354775 | ||
| 040 | _cAIMIT LIBRARY | ||
| 041 | _aeng | ||
| 082 |
_a808.83 _21 _bDELB |
||
| 100 |
_aDelinsky, Barbara. _9187670 |
||
| 245 |
_aHeart of the night / _cBy Barbara Delinsky. |
||
| 250 | _a1st ed. | ||
| 260 |
_aNew York : _bWarner books ; _c1989. |
||
| 300 |
_a394p. ; _bPB _c17 cm. |
||
| 942 |
_2ddc _cBK _e1st ed. _k808.83 DELB |
||
| 999 |
_c200343 _d200343 |
||